000 00623nam a2200241 a 4500
001 0001-1091
003 ELIB.Books
008 150116 2010 eng
020 _a0310521807
035 _a(ELIB.Books)0001-1246
092 _a248
_bHyb
100 _aHybels, Bill.
245 _aHonest to God?
_bBecoming an Authentic Christian
260 _aGrand Rapids
_bZondervan Books
_c1990
300 _a192
_c21 Cm
500 _aC/o Moe Lwai
650 _aChristian Life
856 _nKBTS; Library
_uKBTS; Elib.
942 _2ddc
_cBK
990 _a1
998 _cbat
_e2015-01-16
999 _c11091
_d11091